| 000 | 00817nam a2200193Ia 4500 | ||
|---|---|---|---|
| 003 | GCL | ||
| 008 | 140319s9999 xx 000 0 ara d | ||
| 040 |
_aGCL / _cGCL |
||
| 082 | 0 | 4 |
_a020.25 _bم د |
| 100 | 1 | _aمركزالمعلومات ودعم اتخاذالقرار | |
| 245 | 1 | 0 |
_aدليل المكتبات المصرية العامة والمتخصصة والاكاديمية / _cمركزالمعلومات ودعم اتخاذالقرار |
| 260 |
_aالقاهرة : _bمركز معلومات ودعم اتخاذ القرار. المكتبة ، _c1997 |
||
| 300 |
_a183 ص ؛ _c32 سم |
||
| 490 |
_aالهيئة العامة للاستعلامات _v0 |
||
| 650 | 0 | 4 | _aالمكتبات - ادلة |
| 650 | 0 | 4 | _aالمكتبات - مصر |
| 650 | 0 | 4 | _aالمكتبات - مصر - ادلة |
| 942 |
_2ddc _cBK |
||
| 999 |
_c50517 _d50517 |
||